000
00291nam a22001217a 4500
008
181217b xxu||||| |||| 00| 0 eng d
041
_a
eng
080
_a
038
100
_a
23
101
_a
FJA
245
_a
The doubleday Roget's Thesaurus in Dictionary Form
_c
Landau, S.I
942
_2
udc
_c
BK
999
_c
53251
_d
53251